• 首页
  • 本馆介绍
  • 公告通知
  • 最新文献
  • 馆藏检索
  • 电子资源
  • 读者导购
  • 参考咨询
  • 我的图书馆
  • 登录
  • 详细信息显示
  • 放入我的书架
  • 预约/预借图书
  • 作者相关作品
  • 分类相关作品
  • 丛书相关作品
  • 出版社相关作品

书目信息

  • 表格格式
  • 工作单格式
  • 卡片格式
题名:
健康从肠内开始
    
 
作者: 熊德鑫 著
分册:  
出版信息: 上海   上海科学技术出版社  2005
页数: 139页
开本: 19cm
丛书名:
单 册:
中图分类: R333.3
科图分类:
主题词: 肠--人体生理学
电子资源:
ISBN: 7-5323-7754-7
000 00740nam0 2200217 450
001 TS2006039669
005 20061206142329.34
010    @a7-5323-7754-7@dCNY12.00
100    @a20060829d2005 em y0chiy0120 ea
101 0  @achi
102    @aCN@b310000
105    @ay z 000yy
200 1  @a健康从肠内开始@Ajian kang cong chang nei kai shi@f熊德鑫著@FXiong De Xin Zhu
210    @a上海@c上海科学技术出版社@d2005
215    @a139页@d19cm
330    @a本书分八部分,内容包括:肠道正常菌群与人类健康、现代病的重要诱因、认清肠道内细菌的好与坏、人体必备的七大营养素、大豆低聚糖为何物等。
606 0  @a肠@x人体生理学
690    @aR333.3@v4
701  0 @a熊德鑫@Axiong de xin@4著
801  0 @aCN@b中图数据@c20061206
905    @a10447@dR333.3@e142
    
    健康从肠内开始/熊德鑫著.-上海:上海科学技术出版社,2005
    139页;19cm
    
    
    ISBN 7-5323-7754-7:CNY12.00
    本书分八部分,内容包括:肠道正常菌群与人类健康、现代病的重要诱因、认清肠道内细菌的好与坏、人体必备的七大营养素、大豆低聚糖为何物等。
●
相关链接 在E读中查询图书 在五车中查询图书 在当当中查询图书 在豆瓣中查询图书


正题名:健康从肠内开始     索取号:R333.3/142         预约/预借

序号 登录号 条形码 馆藏地/架位号 状态 备注
1 0616088   206160884   第二样本阅览室/ [索取号:R333.3/142] 在馆    
2 0616089   206160893   第三借阅区/ [索取号:R333.3/142] 在馆    
3 0616090   206160900   第三借阅区/ [索取号:R333.3/142] 在馆    
唐山师范学院图书馆 欢迎您!
大连网信软件有限公司© 版权所有